00397nam a2200157Ia 450000500170000000800410001702000150005808200130007310000220008624500460010826000420015430000130019650000060020965000130021565000110022820240527040500.0240331s9999 xx 000 0 und d a0198760612 bWILa335 aWilliams, Raymond 0aMarxism and literaturecRaymond, Williams aOxfordbOxford university pressc1977 a217 p ., a  aCultural aSocial